|
|
|
|
| LEADER |
00000cam a2200000 7i4500 |
| 001 |
0000004848 |
| 005 |
20151222.0 |
| 008 |
070731 |
| 020 |
|
|
|a 9831283104
|
| 090 |
0 |
0 |
|a JF
|b MOR JAW (4344)
|
| 245 |
0 |
0 |
|a Seperti anjing dengan bayang-bayang
|
| 260 |
|
|
|a Kuala Lumpur :
|b Penerbitan Fargoes ,
|c 2005
|
| 440 |
|
|
|a Siri cerita pengajaran
|
| 500 |
|
|
|a Children ages 7-9 years old (orange)
|
| 650 |
|
0 |
|a Junior fiction
|x jawi
|
| 650 |
|
0 |
|a Moral
|
| 999 |
|
|
|a 0000899728
|b Book
|c Children Collection
|e Cawangan Tmn. Ungku Tun Aminah
|
| 999 |
|
|
|a 0000899731
|b Book
|c Children Collection
|e Cawangan Tangkak
|
| 999 |
|
|
|a 0000899732
|b Book
|c Children Collection
|e Cawangan Tangkak
|
| 999 |
|
|
|a 0000899735
|b Book
|c Children Collection
|e Cawangan Mersing
|
| 999 |
|
|
|a 0000899736
|b Book
|c Children Collection
|e Cawangan Mersing
|
| 999 |
|
|
|a 0000978445
|b Book
|c Children Collection
|e Cawangan Urban Transformation Centre
|
| 999 |
|
|
|a 0000978446
|b Book
|c Children Collection
|e Cawangan Bukit Gambir
|
| 999 |
|
|
|a 0000978447
|b Book
|c Children Collection
|e Perbadanan Perpustakaan Awam Johor
|
| 999 |
|
|
|a 0000978448
|b Book
|c Children Collection
|e Perbadanan Perpustakaan Awam Johor
|
| 999 |
|
|
|a 0001215269
|b Book
|c Children Collection
|e Cawangan Tmn. Ungku Tun Aminah
|
| 999 |
|
|
|a 0001215270
|b Book
|c Children Collection
|e Cawangan Pontian
|
| 999 |
|
|
|a 0001215271
|b Book
|c Children Collection
|e Cawangan Tangkak
|
| 999 |
|
|
|a 0001215272
|b Book
|c Children Collection
|e Cawangan Bukit Gambir
|
| 999 |
|
|
|a 0001215273
|b Book
|c Children Collection
|e Cawangan Segamat
|
| 999 |
|
|
|a 0001215274
|b Book
|c Children Collection
|e Cawangan Taman Universiti
|
| 999 |
|
|
|a 0001215280
|b Book
|c Children Collection
|e Cawangan Kota Tinggi
|
| 999 |
|
|
|a 0001215281
|b Book
|c Children Collection
|e Cawangan Mersing
|
| 999 |
|
|
|a 0001215282
|b Book
|c Children Collection
|e Cawangan Taman Universiti
|